000 03567cam a22006494i 4500
003 PE-LiUPU
005 20250731170441.0
008 150625s2000 mx a rb 000 0 spa d
020 _a9684267983
020 _a9789684267985
035 _a(Sirsi) i9789684267985
040 _aPE-LiUPU
_bspa
_cPE-LiUPU
_dPE-LiUPU
_erda
049 _aPRUA
082 0 4 _a155.201
_bP45
_221
100 1 _aPervin, Lawrence A.,
_eautor.
245 1 0 _aPersonalidad :
_bteoría e investigación /
_cLawrence A. Pervin y Oliver P. John.
264 1 _aMexico :
_bEditorial El Manual Moderno,
_c2000.
300 _a505 páginas :
_bilustraciones ;
_c25 centímetros
336 _atext
_2rdacontent
337 _aunmediated
_2rdamedia
338 _avolume
_2rdacarrier
500 _a"Glosario": (A-Z).
504 _aIncluye referencias bibliográficas.
505 0 _aTeoría de la personalidad: de las observaciones cotidianas a las teorías sistemáticas -- Estudio científico de las personas -- Teoría psicodinámica: teoría psicoanalítica de Freud acerca de la personalidad -- Teoría psicodinámica: aplicaciones y evaluación de la teoría de Freud -- Teoría fenomenológica: teoría de la personalidad centrada en la persona de Carl Rogers -- Teoría fenomenológica: aplicaciones y evaluación de la teoría de Rogers -- Enfoque de rasgo de la personalidad: Allport, Eysenck y Cattell -- Enfoque de rasgo: modelo de cinco factores; aplicaciones y evaluación de los enfoques de rasgo a la personalidad -- Enfoques del aprendizaje acerca de la personalidad -- Teoría cognoscitiva de la personalidad: teoría de la personalidad de constructo personal de George A. Kelly -- Teoría cognoscitiva de la personalidad: aplicaciones y evaluación de la teoría de Kelly -- Teoría social cognoscitiva: Bandura y Mischel -- Teoría social cognoscitiva: aplicaciones y evaluación -- Enfoque cognoscitivo y del procesamiento de información de la personalidad -- Perspectiva general de la teoría, evaluación e investigación de la personalidad.
526 _aSEG68
526 _aSEG70
526 _aSEG69
526 _aSEG67
526 _aSEG43
526 _aP144
526 _aP143
526 _aP131
526 _aP122
526 _aP120
526 _aP117
526 _aP112
526 _aP110
526 _aP106
526 _aP101
526 _aP80
526 _aP59
526 _aP54
526 _aP35
526 _aP33
526 _aP30
541 _g0003233;
541 _g001-0030486;
650 0 4 _aPersonalidad
_xTeoría.
700 1 _aJohn, Oliver P.,
_eautor.
942 _2ddc
_cBOOK
949 _a155.201 P45
_wDEWEY
_c1
_i60407
_d2016-10-27
_e2016-10-27
_lCCODEBUL1
_mBUL
_n16
_p45.00
_r0
_sY
_tBOOK
_u2015-6-25
_xSALUD
_PP33
_0COMPRA
_o.STAFF. Colección Ciencias de la Salud
949 _a155.201 P45
_wDEWEY
_c2
_i56346
_d2016-11-16
_e2016-11-13
_lCCODEBUL1
_mBUL
_n14
_p56.00
_r0
_sY
_tBOOK
_u2015-6-25
_xSALUD
_PP33
_0COMPRA
_o.STAFF. Colección Ciencias de la Salud
994 _aC0
_bPEPRU
596 _a1
999 _a155.201 P45
_wDEWEY
_c45596
_i60407
_d45596
_e2019-8-11
_f2021-11-3
_g5
_lCCODEBUL1
_mBUL
_n23
_p45.00
_q10
_r0
_sY
_tBOOK
_u2015-6-25
_xSALUD
_zP33
_0COMPRA
_o.STAFF. Colección Ciencias de la Salud
999 _a155.201 P45
_wDEWEY
_c2
_i56346
_d2019-9-2
_e2019-9-2
_f2021-11-3
_g5
_lCCODEBUL1
_mBUL
_n18
_p56.00
_q3
_r0
_sY
_tBOOK
_u2015-6-25
_xSALUD
_zP33
_0COMPRA
_o.STAFF. Colección Ciencias de la Salud
980 _81
_gALBERTO SANCHEZ Responsable de Automatización